Loading...
| History - American | 0 | 7 | 1 | 1 | 65 | 49 | 81.29 | 0 | 3 | 0.00 | 0.00 |
| History - Other | 0 | 6 | 0 | 0 | 60 | 34 | 78.83 | 1 | 2 | 0.00 | 0.00 |
| History - European | 0 | 6 | 1 | 1 | 55 | 48 | 78.17 | 1 | 5 | 0.00 | 0.00 |
| Philosophy | 0 | 4 | 1 | 2 | 35 | 35 | 85.50 | 0 | 2 | 0.00 | 0.00 |
| History - World | 0 | 3 | 1 | 0 | 25 | 66 | 74.33 | 0 | 1 | 0.00 | 0.00 |
| Science - Other | 0 | 2 | 0 | 1 | 20 | 74 | 93.00 | 1 | 1 | 0.00 | 0.00 |
| Science - Biology | 0 | 2 | 0 | 0 | 20 | 83 | 87.00 | 0 | 0 | 0.00 | 0.00 |
| Literature - American | 0 | 2 | 1 | 0 | 15 | 36 | 70.00 | 1 | 2 | 0.00 | 0.00 |
| Science - Chemistry | 0 | 2 | 1 | 0 | 15 | 74 | 85.50 | 0 | 2 | 0.00 | 0.00 |
| Social Science | 0 | 2 | 1 | 1 | 15 | 71 | 97.00 | 1 | 1 | 0.00 | 0.00 |
| Religion | 0 | 2 | 1 | 1 | 15 | 53 | 67.00 | 1 | 1 | 0.00 | 0.00 |
| Literature - European | 0 | 1 | 0 | 0 | 10 | 44 | 44.00 | 1 | 1 | 0.00 | 0.00 |
| Geography | 0 | 1 | 0 | 0 | 10 | 89 | 89.00 | 1 | 1 | 0.00 | 0.00 |
| Science - Physics | 0 | 1 | 0 | 0 | 10 | 67 | 67.00 | 0 | 0 | 0.00 | 0.00 |
| Fine Arts - Painting and Sculpture | 0 | 1 | 0 | 0 | 10 | 63 | 63.00 | 0 | 1 | 0.00 | 0.00 |
| Other Academic | 0 | 1 | 0 | 0 | 10 | 46 | 46.00 | 0 | 1 | 0.00 | 0.00 |
| Literature - World | 0 | 1 | 1 | 0 | 5 | 83 | 83.00 | 0 | 0 | 0.00 | 0.00 |
| Fine Arts - Other | 0 | 1 | 1 | 0 | 5 | 65 | 65.00 | 0 | 1 | 0.00 | 0.00 |